000 00287nam a22001337a 4500
008 190305b xxu||||| |||| 00| 0 eng d
020 _a345295706
041 _aeng
080 _a371
100 _a25
101 _aEDU
245 _aAn Incomplete Education
_cJones, J
942 _2udc
_cBK
999 _c54464
_d54464